Statistiques concernant Membres de l'UEFA

Cliquez ici pour prendre le quiz!

Statistiques générales

  • Ce quiz a été pris 69 fois
  • Le résultat moyen est 49 sur 55

Statistiques - réponses

AdhésionMembre% Correct
1954France
100%
1954Russie
100%
1954Allemagne
98%
1954Angleterre
98%
1954Espagne
98%
1993Croatie
97%
1954Danemark
97%
1954Grèce
97%
1954Norvège
97%
1954Serbie
97%
1954Suède
97%
1954Suisse
97%
1962Turquie
97%
1992Ukraine
95%
1954Albanie
93%
1996Andorre
93%
1954Belgique
93%
1954Hongrie
93%
1954Irlande
93%
1954Pays-Bas
93%
1954Pologne
93%
1954Portugal
93%
1954Autriche
92%
1998Bosnie-Herzégovine
92%
1954Écosse
92%
1954Islande
92%
1992Lettonie
92%
1954Luxembourg
92%
1993Slovaquie
92%
1954Bulgarie
90%
1992Estonie
90%
1954Finlande
90%
1960Malte
90%
1993Moldavie
90%
1954Roumanie
90%
1988Saint-Marin
90%
1993Biélorussie
89%
1954Italie
89%
2016Kosovo
89%
1974Liechtenstein
89%
1992Lituanie
89%
1954Pays de Galles
89%
1954République tchèque
89%
1994Slovénie
89%
1962Chypre
85%
1992Arménie
84%
2007Monténégro
82%
1994Israël
79%
1994Macédoine du Nord
79%
1954Irlande du Nord
77%
1994Azerbaïdjan
72%
1992Géorgie
70%
2013Gibraltar
64%
2002Kazakhstan
61%
1990Îles Féroé
59%

Distribution des résultats

Percentile par nombre de réponses

% des personnes avec chaque résultat

Votre développement - résultats

Vous n’avez pas pris ce quiz